Вып. 12; Автоматика и приборостроение

التفاصيل البيبلوغرافية
Parent link:Автоматика и приборостроение: [сборник]/ Харьковский политехнический институт (ХПИ). Вып. 12.— , 1974-1991
مؤلفون آخرون: Воронов В. Г. (редактор)
اللغة:الروسية
منشور في: 1986
سلاسل:Вестник Харьковского политехнического института № 235
الموضوعات:
التنسيق: MixedMaterials كتاب
KOHA link:https://koha.lib.tpu.ru/cgi-bin/koha/opac-detail.pl?biblionumber=267381

MARC

LEADER 00000nam2a2200000 4500
001 267381
005 20231101234057.0
035 |a (RuTPU)RU\TPU\book\290438 
035 |a RU\TPU\book\276667 
090 |a 267381 
100 |a 20140728d1986 k y0rusy50 ca 
101 0 |a rus 
102 |a UA 
105 |a a z 001zy 
200 0 |a Вып. 12  |f отв. ред. В. Г. Воронов 
210 |d 1986 
215 |a 99 с.  |c ил. 
225 1 |a Вестник Харьковского политехнического института  |v № 235 
320 |a Библиогр. в конце ст. 
461 1 |0 (RuTPU)RU\TPU\book\142493  |t Автоматика и приборостроение  |o [сборник]  |f Харьковский политехнический институт (ХПИ)  |v Вып. 12  |d 1974-1991  |s Вестник Харьковского политехнического института 
606 1 |a Автоматика  |2 stltpush  |3 (RuTPU)RU\TPU\subj\749  |9 29560 
606 1 |a Приборостроение  |2 stltpush  |3 (RuTPU)RU\TPU\subj\51546  |9 85626 
610 1 |a автоматизация 
610 1 |a управление 
610 1 |a электронные устройства 
610 1 |a микроЭВМ 
610 1 |a погрешности 
610 1 |a программы 
610 1 |a электроприводы 
610 1 |a регуляторы 
610 1 |a преобразователи 
610 1 |a алгоритмы 
610 1 |a схемы 
610 1 |a кодирование 
675 |a 681.51  |v 3 
675 |a 681.2  |v 3 
702 1 |a Воронов  |b В. Г.  |4 340 
801 1 |a RU  |b 63413507  |c 20131225 
801 2 |a RU  |b 63413507  |c 20170803  |g RCR 
942 |c BK